Mixed Word: At the Beach Quiz Stats

 Plays Quiz not verified by Sporcle

Challenge
Share
Tweet
Embed
Score 0/12 Timer 01:30
0 Plays Today
Scrambled Unscrambled % Correct
IINKBIBIKINI
97%
LEHLSSHELL
96%
BRACCRAB
96%
PLIF PLOFSFLIP FLOPS
96%
OWLETTOWEL
95%
HECAB LALBBEACH BALL
92%
WEEASEDSEAWEED
84%
RUMLABELUMBRELLA
58%
ALESLUGSEAGULL
47%
BADFURORSSURFBOARD
40%
REHABNUTSSUNBATHER
38%
SALADSCENTSANDCASTLE
29%

You're not logged in!

Compare scores with friends on all Sporcle quizzes.
Join for Free
OR
Log In

You Might Also Like...

Show Comments

Extras

Top Quizzes Today


Score Distribution

Your Account Isn't Verified!

In order to create a playlist on Sporcle, you need to verify the email address you used during registration. Go to your Sporcle Settings to finish the process.

Report this User

Report this user for behavior that violates our Community Guidelines.

Details: